Asomiya sahityar bichar aru bisleshan (Record no. 10129)
[ view plain ]
| 000 -LEADER | |
|---|---|
| fixed length control field | 00569cam a2200205ua 4500 |
| 001 - CONTROL NUMBER | |
| control field | 11285 |
| 005 - DATE AND TIME OF LATEST TRANSACTION | |
| control field | 20260515114731.0 |
| 008 - FIXED-LENGTH DATA ELEMENTS--GENERAL INFORMATION | |
| fixed length control field | 190906n ii |||gr||||Z||||||asm |
| 020 ## - INTERNATIONAL STANDARD BOOK NUMBER | |
| International Standard Book Number | 9788193073810 |
| 040 ## - CATALOGING SOURCE | |
| Transcribing agency | MAIN |
| 082 ## - DEWEY DECIMAL CLASSIFICATION NUMBER | |
| Classification number | 891.451 |
| 100 ## - MAIN ENTRY--PERSONAL NAME | |
| Personal name | Dhiraj Patar, |
| Relator term | Editor., |
| 245 ## - TITLE STATEMENT | |
| Title | Asomiya sahityar bichar aru bisleshan |
| Statement of responsibility, etc. | Edited by Dhiraj patar |
| 250 ## - EDITION STATEMENT | |
| Edition statement | 1st ed. |
| 260 ## - PUBLICATION, DISTRIBUTION, ETC. | |
| Place of publication, distribution, etc. | Guwahati: |
| Name of publisher, distributor, etc. | Sampriti Publication, |
| Date of publication, distribution, etc. | 2015. |
| 300 ## - PHYSICAL DESCRIPTION | |
| Extent | 371p. |
| 653 ## - INDEX TERM--UNCONTROLLED | |
| Uncontrolled term | East Indo-European & Celtic literatures |
| 653 ## - INDEX TERM--UNCONTROLLED | |
| Uncontrolled term | Essays of Assamese Literature |
| 942 ## - ADDED ENTRY ELEMENTS (KOHA) | |
| Koha item type | Books |
| Withdrawn status | Lost status | Damaged status | Not for loan | Home library | Current library | Shelving location | Date acquired | Total checkouts | Full call number | Barcode | Date last seen | Date last checked out | Copy number | Price effective from | Koha item type |
|---|---|---|---|---|---|---|---|---|---|---|---|---|---|---|---|
| Naharkatiya College Library | Naharkatiya College Library | General stacks | 09/19/2020 | 4 | 891.451Assamese Literature | PAT | 27740 | 03/31/2022 | 03/05/2022 | 1 | 09/19/2020 | Books |